| 000 | 00393nam a2200169Ia 4500 | ||
|---|---|---|---|
| 008 | 170705s9999 xx 000 0 und d | ||
| 020 | _a9780531272060 | ||
| 245 | _aThanksgiving / | ||
| 245 | _cby Lisa M. Herrington. | ||
| 260 | _aNew York : | ||
| 260 | _bScholastic, | ||
| 260 | _c2014 | ||
| 300 | _a32 pages : | ||
| 300 | _bcolor illustration ; | ||
| 300 | _c18cm. | ||
| 500 | _a610 | ||
| 999 |
_c337127 _d337127 |
||